00892nam a22001811i 4500001000700000003000900007005001700016008004100033100004400074245013400118260009100252300004000343490010600383650001400489710007600503830010600579852002500685181209ES-MaACL20230906221312.0121031s1918 sp |||| | spa d1 aCorral, José María de (d1889-1971)10aInvestigaciones acerca de la inervación del páncreas como glándula de secreción interna / cpor José María de Corral. aMadrid : bJunta para Ampliación de Estudios e Investigaciones Científicas,c1918. aP. [173]-196, 1 h. pleg. ; c23 cm.1 aAnales de la Junta para Ampliación de Estudios e Investigaciones Científicas ; vt. 17, memoria 3 4aPancreas.2 aJunta para la Ampliación de Estudios e Investigaciones Científicas.0 aAnales de la Junta para Ampliación de Estudios e Investigaciones Científicas ; vt. 17, memoria 3 aES-MaACLjB-13173(3)